Der antimetaphysische Mensch: Darwin - Marx - Freud

Guardat en:
Dades bibliogràfiques
Autor principal: Knapp, Guntram (Autor)
Format: Llibre
Idioma:alemany
Publicat: Stuttgart Ernst Klett 1973
Matèries:
Etiquetes: Afegir etiqueta
Sense etiquetes, Sigues el primer a etiquetar aquest registre!

MARC

LEADER 00000nam a2200000 a 4500
001 UCM4714
003 CL-VaPUC
008 020830e19730000GW |||||||||||||||||ger|d
082 0 4 |a 128  |b KNA  |2 21 
100 0 |a Knapp, Guntram  |e author  |9 471137 
245 1 4 |a Der antimetaphysische Mensch: Darwin - Marx - Freud 
300 |a 291 p 
942 |c BK 
945 |d 20020830 00:00:00  |a cmena 
260 |a Stuttgart  |b Ernst Klett  |c 1973 
600 0 |a Freud, Sigmund  |e author   |9 307892 
600 0 |a Marx, Karl Heinrich,  |d 1818-1883  |9 861123 
650 0 |a Naturaleza humana   |9 308593 
650 0 |a Metafísica  |9 265649 
650 7 |a TEORIA DE LA EVOLUCION  |2 CL-VaPUC  |9 436886 
583 |a last modification  |c 20020830 00:00:00  |k Rodrigo Vera 
999 |c 301230  |d 301228 
952 |0 0  |1 0  |4 0  |6 128_000000000000000_KNA_1973  |7 0  |8 A  |9 360010  |a BIBHIS  |b BIBHIS  |d 2019-11-21  |i 3742776  |o 128 KNA 1973  |p 3742776  |r 2025-01-20  |w 2019-11-21  |y BK  |k HIS